000 01113nam a22001937a 4500
999 _c60633
_d60633
005 20230925171905.0
008 230925s2012 enk||||| |||| 00| 0 eng d
020 _a9789941105654
080 _a94(479.22:37) D-90
100 _aDundua, Tedo
_917376
245 _aGeorgia within the European integration :
_bP. 2, Romans and the Georgians /
_cTedo Dundua ; Ivane Javakhishvili Tbilisi State Univ., faculty of humanities, Inst. of Georgian History.
264 _aTbilisi :
_b Meridian publishers
_c2012.
300 _a48 p.:
_bill.;
_c26 cm.
521 _aბიბლიოგრაფია ტექსტის შენიშვნებში ყდაზე: Ivane Javakhishvili Tbilisi State Univ., faculty of humanities, Inst. of Georgian History.
653 _aსაქართველო-ძველი რომის ურთიერთობების ისტორია
700 _aBoshishvili, Alexander
_eრედაქტორი
_919775
710 _aIvane Javakhishvili Tbilisi State University.
_eFaculty of humanities. Institute of Georgian History.
_919924
942 _2udc
_cBK